| 000 | 00760nam a22002057a 4500 | ||
|---|---|---|---|
| 999 |
_c20050 _d20050 |
||
| 003 | AR-CdUCM | ||
| 008 | 190525b ||||| |||| 00| 0 spa d | ||
| 040 |
_aMUNICIPALIDAD PROVINCIAL DEL CUSCO _cBIBLIOTECA MUNICIPAL DEL CUSCO |
||
| 082 |
_a461 / _bP32 |
||
| 100 |
_aPayne Mora, Darwin Efraín _941947 |
||
| 245 | _aLingüística textual y pragmática, fundamentos / | ||
| 260 | _aCusco : | ||
| 300 |
_a188 páginas ; _bIlustraciones, _c21 cm. |
||
| 505 | _aContenido: La lingüística textual -- Las estructuras textuales -- Las propiedades del texto -- La relación entre texto y contexto... | ||
| 650 |
_aLengua española _91124 |
||
| 650 |
_aAnálisis del discurso _941948 |
||
| 650 |
_aCusco _9772 |
||
| 942 |
_2ddc _cLIBROS |
||
| 945 |
_adavv _d2019-05-25 |
||